00513nam a2200145Ia 4500008004100000041000800041082001400049100001900063245004400082260005400126300003300180365001100213999001700224952012600241240624s9999 xx 000 0 und d aeng a658.8 THO aTHOMASSEN LARS aRETAILIZATION BRAND SURVIVAL IN THE AGE c2006aNew DelhibKogan Page India Private limited axviii, : 221 : p. : cm. ; 23 cRSb33 c10865d10865 00104070aIMTNbIMTNcRack 36-Ad2008-10-06eAPg395.00n1280o658.8 THOp10865r2024-06-24 00:00:00t1w2024-06-24yBK